00923nam a2200217 a 450000100100000000500170001000800410002702000180006804000250008608200140011110000210012524502350014626000350038130000280041650000780044450000340052250400520055665000140060865000340062265000490065600001931220250429114229.0100601s2007 sp a 000 0 spa d a9781407506258 aDO-SdBNPbspacBNPHU a904bG3411 aGenzmer, Herbert10aGrandes catástrofes de la historia :bdesde desastres naturales hasta guerras y ataques terroristas, sin olvidar algunas desgracias derivadas de los avances tecnológicos /cHerbert Genzmer, Sybille Krshner, Christian Schütz. aBarcelona, :bParragon,c2007. a319 p. :bil. ;c30 cm. aIncluye datos biográficos de los autores en la solapa de contracubierta aIncluye índice alfabético aIncluye referencias bibliográficas ( p. 314 ) 0aDesastres 4aDesastres naturalesxHistoria 4aDesastres provocados por el hombrexHistoria